00671nam a2200217 a 450000100060000000300080000600500170001400800410003102000180007203500190009004000260010904100080013508200290014324500960017226000430026830000200031165000300033165100420036165100300040370000200043384248BD-RjUL20241106110757.0241106s2024 bg ||||| |||| 00| 0 eng d a9789849771876 a(BD-RjUL)84248 aBD-RjULbengcBD-RjUL aeng 223a320.95492 bCHA 2024 aThe Changing Nature of Geopolitics And The Futures Of Bangladesh /cedited by Imtiaz Ahmed  a[Dhaka ] :bNymphea Publication,c2024 a294 p.;c24 cm. aGeopolitics zBangladesh  aBangladesh xPolitics and government. aGeopolitics zSouth Asia. aAhmed, Imtiaz